000 01409cam a22003374a 4500
001 11849141
003 OSt
005 20150428175606.0
008 991123s2000 dcu b 000 0 eng
010 _a 99059266
020 _a0821344447
040 _aDLC
_cDLC
_dDLC
042 _apcc
050 0 0 _aHV640
_b.R57 2000
082 0 0 _a362.87
_221
_bRIS 2000
245 0 0 _aRisks and reconstruction :
_bexperiences of resettlers and refugees /
_cedited by Michael M. Cernea, Christopher McDowell.
260 _aWashington, DC :
_bWorld Bank,
_c2000.
300 _axv, 487 p. ;
_c24 cm.
504 _aIncludes bibliographical references (p. 445-487).
650 0 _aRefugees
_zDeveloping countries.
_94317
650 0 _aForced migration
_zDeveloping countries.
_94318
650 0 _aLand settlement
_zDeveloping countries.
_94319
650 0 _aRelocation (Housing)
_zDeveloping countries.
_94320
650 0 _aRehabilitation
_zDeveloping countries.
_94321
650 0 _aEconomic development
_xSocial aspects.
_91666
700 1 _aCernea, Michael M.
_94322
700 1 _aMcDowell, Chris.
_94323
906 _a7
_bcbc
_corignew
_d1
_eocip
_f19
_gy-gencatlg
942 _2ddc
_cSLOAN
999 _c1636
_d1636